00966nas a2200277Ia 4500001001600000003001000016008004100026040002500067041001300092100002600105210001900131222001900150245003700169250001100206260000900217501012300226300001400349362002600363500003900389650002500428700001100453942000700464957000600471999003300477952017800510A50/R191-41515 IT-MiCISF161014c99999999xx |||||||||||| ||und|| aIT-MiCISFcIT-MiCISF aITALIANO aLiverani Pier Giorgio aSì€ alla vita aSì€ alla vita 0aArriva il matrimonio artificiale a1a ed. c2005 bCISF - Centro Internazionale Studi Famiglia - Via Giotto, 36 20145 MILANO (non commercial uses only)cCopyright 2016 app. 17-18 an. 10, ottobre [2005] a Tema: matrimonio, omosessualità€ amatrimoniovarticolo aAA.VV. cCR 71 a41515bSig1c227281d227281 0010406A_50_000000000000000_R1914151571aCISFbCISFd2016-10-14l0oA50/R191-41515 r2016-10-14 00:00:00w2016-10-14yCRzData import 15.10.2016 / by Epidotti, Vaglietti